00937nam a2200265 a 450000100060000000300080000600500170001400800410003102000150007203500190008704000320010604100080013808200280014610000310017424500660020526000350027130000330030650400390033965000440037865000430042265000310046594200120049699900170050895201460052568078BD-RjUL20211209081729.0170330s1988 enka b 001 0 eng d a0852741685 a(BD-RjUL)68287 aDLCcDLCdDLCdBD-RjULbeng aeng00a620.11295223bWAO 19881 aWard, L.q(Leslie)920181814aThe optical constants of bulk materials and films /cL. Ward. aBristol :bA. Hilger,cc1988. axv, 244 p. :bill. ;c24 cm. aIncludes bibliographies and index. 0aThin filmsxOptical properties.9201820 0aMaterialsxOptical properties.9201821 0aOptical constants.9201822 2ddccBK c68078d68078 00102ddc40718NFICaRUCLbRUCLcReadingd1991-09-25eAbacus londong45.00l0o620.11295 WAO 1988r2017-03-30 00:00:00tC-1w2017-03-30yBK